Вредные вещества в промышленности. [Ч.] 2: Неорганические и элементорганические соединения (Запись № 6402689)

Подробности
000 -МАРКЕР
контрольное поле 01788nam2a22003011 4500
001 - ИДЕНТИФИКАТОР ЗАПИСИ
контрольное поле rc\3537290
005 - ИДЕНТИФИКАТОР ВЕРСИИ
контрольное поле 20250610033227.0
035 ## - ДРУГИЕ СИСТЕМНЫЕ НОМЕРА
Идентификатор записи (NLR Aleph) 007667928
100 ## - ДАННЫЕ ОБЩЕЙ ОБРАБОТКИ
Данные общей обработки 20130115d1971 |||y0rusy50 ca
101 0# - ЯЗЫК РЕСУРСА
Язык текста, звукозаписи и т.д. русский
102 ## - СТРАНА ПУБЛИКАЦИИ ИЛИ ПРОИЗВОДСТВА
Страна публикации российская федерация
105 ## - ПОЛЕ КОДИРОВАННЫХ ДАННЫХ: ТЕКСТОВЫЕ МАТЕРИАЛЫ, МОНОГРАФИЧЕСКИЕ
Кодированные данные о монографическом текстовом документе y z |||||
200 1# - ЗАГЛАВИЕ И СВЕДЕНИЯ ОБ ОТВЕТСТВЕННОСТИ
Основное заглавие Неорганические и элементорганические соединения
Первые сведения об ответственности [Сост. канд. мед. наук Ж.И. Абрамова, проф. И.Д. Гадаскина, канд. мед. наук А.А. Голубев и др.]
210 ## - ПУБЛИКАЦИЯ, РАСПРОСТРАНЕНИЕ И ДР.
Дата издания, распространения и т.д. 1971
Место издания, распространения и т.д. Б. м.
215 ## - ФИЗИЧЕСКАЯ ХАРАКТЕРИСТИКА
Специфическое обозначение материала и объем 619 с.
320 ## - ПРИМЕЧАНИЯ О НАЛИЧИИ В ДОКУМЕНТЕ БИБЛИОГРАФИИ / УКАЗАТЕЛЯ
Текст примечания Списки лит. в тексте
320 ## - ПРИМЕЧАНИЯ О НАЛИЧИИ В ДОКУМЕНТЕ БИБЛИОГРАФИИ / УКАЗАТЕЛЯ
Текст примечания Перед. указ.: с. 595-607
461 #0 - УРОВЕНЬ НАБОРА
Встроенное поле 001rc\3537288
-- 2001#$aВредные вещества в промышленности$eСправочник для химиков, инженеров и врачей$e[В 2 ч.]$fПод общ. ред. засл. деят. науки, проф. Н.В. Лазарева$v[Ч.] 2
Системный номер (АБИС) связанной записи 6402670
Место публикации Ленинград
Дата публикации 1971-
Издание 6-е изд., испр. [Ч.] 1-2
Первые сведения об ответственности Под общ. ред. засл. деят. науки, проф. Н.В. Лазарева
Имя издателя, распространителя и т.д. Химия. Ленингр. отд-ние
Сведения, относящиеся к заглавию Справочник для химиков, инженеров и врачей : [В 2 ч.]
Физическая характеристика 2 т.
Заглавие Вредные вещества в промышленности
Номер тома [Ч.] 2
702 #1 - ИМЯ ЛИЦА - ВТОРИЧНАЯ ОТВЕТСТВЕННОСТЬ
Начальный элемент ввода Гадаскина
Часть имени, кроме начального элемента ввода И.Д.
Код отношения Составитель
702 #1 - ИМЯ ЛИЦА - ВТОРИЧНАЯ ОТВЕТСТВЕННОСТЬ
Начальный элемент ввода Голубев
Часть имени, кроме начального элемента ввода А.А.
Код отношения Составитель
702 #1 - ИМЯ ЛИЦА - ВТОРИЧНАЯ ОТВЕТСТВЕННОСТЬ
Код отношения Составитель
Графика поля Кириллица
Материалы, к которым относится поле rus
Начальный элемент ввода Абрамова
Часть имени, кроме начального элемента ввода Ж.И.
Дополнения к именам, кроме дат д-р мед. наук, токсикология
Расширение инициалов личного имени Жанна Исааковна
Системный номер авторитетной/нормативной записи 235476
Идентификатор авторитетной/нормативной записи RU\NLR\AUTH\770235532
801 #0 - ИСТОЧНИК ЗАПИСИ
Страна российская федерация
Организация NLR
Правила каталогизации psbo
801 #1 - ИСТОЧНИК ЗАПИСИ
Страна российская федерация
Организация ELAR
Источник данных rusmarc
852 ## - МЕСТОНАХОЖДЕНИЕ И ШИФР ХРАНЕНИЯ
Идентификатор организации NLR
Шифр хранения (Call Number) 71-5/2192
942 ## - ДОПОЛНИТЕЛЬНЫЕ ЭЛЕМЕНТЫ ЗАПИСИ (АБИС)
Тип экземпляра АБИС Книга
980 ## - КОЛЛЕКЦИЯ
Название коллекции Национальная библиография
Экземпляры
Тип экземпляра Дата поступления Библиотека постоянного хранения Библиотека текущего хранения Место хранения Шифр хранения Штрих-код Статус не для выдачи
Книга 26.10.2013 РНБ (Московский) РНБ (Московский) Русский книжный фонд: издания с 1957 года, 3этаж Хран 71-5/2192 7667928-10  
Книга 09.04.2014 РНБ (Московский) РНБ (Московский) Фонд общего зала литературы по технике Т1 Л10/В-814 1-658258